<?xml version="1.0" encoding="UTF-8"?>
<collection xmlns="http://www.loc.gov/MARC21/slim">
 <record>
  <leader>03162nam a2200385 a 4500</leader>
  <controlfield tag="001">TVCDKTCT10352</controlfield>
  <controlfield tag="003">Thư viện trường Cao đẳng Kỹ thuật Cao Thắng</controlfield>
  <controlfield tag="005">20170510091718.7</controlfield>
  <controlfield tag="008">081111</controlfield>
  <datafield tag="980" ind1="\" ind2="\">
   <subfield code="a">Thư viện Trường CĐ Kỹ Thuật Cao Thắng</subfield>
  </datafield>
  <datafield tag="024" ind1=" " ind2=" ">
   <subfield code="a">RG_1 #1 eb0 i1</subfield>
  </datafield>
  <datafield tag="041" ind1="0" ind2="#">
   <subfield code="a">vie</subfield>
  </datafield>
  <datafield tag="082" ind1="#" ind2="#">
   <subfield code="a">671.521 / </subfield>
   <subfield code="b">NG450T-c</subfield>
  </datafield>
  <datafield tag="100" ind1="1" ind2="#">
   <subfield code="a">Ngô Lê Thông </subfield>
   <subfield code="b">TS</subfield>
  </datafield>
  <datafield tag="245" ind1="0" ind2="0">
   <subfield code="a">Công nghệ hàn điện nóng chảy T.2 ( Ứng dụng): Giáo trình cho sinh viên cơ khí thuộc các hệ đào tạo. / </subfield>
   <subfield code="c">Ngô Lê Thông</subfield>
  </datafield>
  <datafield tag="250" ind1="#" ind2="#">
   <subfield code="a">Tái bản lần thứ 2</subfield>
  </datafield>
  <datafield tag="260" ind1="#" ind2="#">
   <subfield code="a">H. : </subfield>
   <subfield code="b">Khoa học và kỹ thuật , </subfield>
   <subfield code="c">2007</subfield>
  </datafield>
  <datafield tag="300" ind1="#" ind2="#">
   <subfield code="a">341tr. ; </subfield>
   <subfield code="c">24cm</subfield>
  </datafield>
  <datafield tag="520" ind1="#" ind2="#">
   <subfield code="a">Chương 1: Khái niệm chung về hàn thép.</subfield>
  </datafield>
  <datafield tag="520" ind1="#" ind2="#">
   <subfield code="a">Chương 10: Công nghệ hàn vật liệu khác chủng loại</subfield>
  </datafield>
  <datafield tag="520" ind1="#" ind2="#">
   <subfield code="a">Chương 2: Công nghệ hàn thép Cacbon và thép kết cấu hợp kim thấp.</subfield>
  </datafield>
  <datafield tag="520" ind1="#" ind2="#">
   <subfield code="a">Chương 3: Công nghệ hàn thép hợp kim thép.</subfield>
  </datafield>
  <datafield tag="520" ind1="#" ind2="#">
   <subfield code="a">Chương 4: Công nghệ hàn thép hợp kim cao.</subfield>
  </datafield>
  <datafield tag="520" ind1="#" ind2="#">
   <subfield code="a">Chương 5: Công nghệ hàn gang.</subfield>
  </datafield>
  <datafield tag="520" ind1="#" ind2="#">
   <subfield code="a">Chương 6: Đặc điểm công nghệ hàn kim loại màu.</subfield>
  </datafield>
  <datafield tag="520" ind1="#" ind2="#">
   <subfield code="a">Chương 7: Công nghệ hàn kim loại nặng và hợp kim của chúng.</subfield>
  </datafield>
  <datafield tag="520" ind1="#" ind2="#">
   <subfield code="a">Chương 8: Công nghệ hàn kim loại nhẹ và hợp kim của chúng.</subfield>
  </datafield>
  <datafield tag="520" ind1="#" ind2="#">
   <subfield code="a">Chương 9: Công nghệ hàn kim loại có hoạt tính cao và nhiệt độ nóng chảy cao.</subfield>
  </datafield>
  <datafield tag="520" ind1="#" ind2="#">
   <subfield code="a">Công nghệ hàn ngày càng được sử dụng rộng rãi trong nhiều ngành công nghiệp như chế tạo máy, xây lắp công trình và dân dụng, giao thông vận tải, hóa chất,....</subfield>
  </datafield>
  <datafield tag="520" ind1="#" ind2="#">
   <subfield code="a">Giáo trình &quot; Công nghệ hàn Điện nóng chảy &quot; đáp ứng nhu cầu thực tiễn,  cung cấp một số quá trình hàn mới, công nghệ điện tử, tin học và tự động hóa ngày càng thâm nhập sâu vào lĩnh vực hàn và cắt, đòi hỏi phải cập nhật, bổ sung. Bộ tài liệu gồm hai quyển &quot; Công nghệ hàn nóng chảy &quot; ( tập 1 - Cơ sở lý thuyết ) và &quot; Công nghệ hàn điện nóng chảy &quot; ( tập 2 - Ứng dụng ).</subfield>
  </datafield>
  <datafield tag="520" ind1="#" ind2="#">
   <subfield code="a">Tập 2 - Ứng dụng: Giới thiệu các ứng dụng công nghệ hàn điện nóng chảy đối với hầu hết các vật liệu kim loại thông dụng và chủ yếu trọng tâm của tài liệu là các chương về hàn thép và hàn nhôm.</subfield>
  </datafield>
  <datafield tag="650" ind1="#" ind2="4">
   <subfield code="a">Công nghệ hàn</subfield>
  </datafield>
  <datafield tag="650" ind1="#" ind2="4">
   <subfield code="a">Hàn hồ quang--Hàn điện xỉ</subfield>
  </datafield>
  <datafield tag="650" ind1="#" ind2="4">
   <subfield code="a">Kỹ nghệ sản xuất kim loại</subfield>
  </datafield>
  <datafield tag="841" ind1="#" ind2="#">
   <subfield code="b">Kho Sách </subfield>
   <subfield code="j">100027033, 100027034, 100027035, 100027036, 100027055, 100033660, 100033661, 100033674, 100033696, 100033742, 100033752, 100033757, 100033762, 100033767, 100033772</subfield>
  </datafield>
 </record>
</collection>
